Figure Drawing with virtual models : Getting the most out of Poser figure artist

Đã lưu trong:
书目详细资料
主要作者: Pardew, Les
格式: 图书
语言:Undetermined
出版: Boston, MA. Thompson Course Technology 2007
主题:
标签: 添加标签
没有标签, 成为第一个标记此记录!
Thư viện lưu trữ: Trung tâm Học liệu Trường Đại học Cần Thơ
LEADER 00753nam a2200217Ia 4500
001 CTU_129131
008 210402s9999 xx 000 0 und d
020 |c 486000 
082 |a 006.693 
082 |b P226 
100 |a Pardew, Les 
245 0 |a Figure Drawing with virtual models : 
245 0 |b Getting the most out of Poser figure artist 
245 0 |c Les Pardew 
260 |a Boston, MA. 
260 |b Thompson Course Technology 
260 |c 2007 
650 |a Poser ( Computer file ),Figure drawing.,Three-dimensional imaging.,Poser ( Tệp tin máy tính ),Họa hình,Việc tạo hình ảnh ba chiều 
904 |i Minh 
910 |a Sách kèm đĩa AVA.000029 
980 |a Trung tâm Học liệu Trường Đại học Cần Thơ